|
|
|
|
| LEADER |
01778cam a2200529 i 4500 |
| 001 |
nkc20162836019 |
| 003 |
CZ PrNK |
| 005 |
20170118135756.0 |
| 007 |
ta |
| 008 |
160825s2016 xr a e f 000 0 cze d |
| 015 |
|
|
|a cnb002836019
|
| 020 |
|
|
|a 978-80-87981-18-4
|q (brožováno)
|
| 035 |
|
|
|a (OCoLC)970637633
|
| 035 |
|
|
|a (OCoLC)972605624
|
| 040 |
|
|
|a KLG001
|b cze
|d BOA001
|e rda
|
| 072 |
|
7 |
|a 339
|x Obchod
|2 Konspekt
|9 4
|
| 080 |
|
|
|a 339.187
|2 MRF
|
| 080 |
|
|
|a 658.8:005.32
|2 MRF
|
| 080 |
|
|
|a 316.776
|2 MRF
|
| 080 |
|
|
|a 339:17.024.4
|2 MRF
|
| 080 |
|
|
|a (035)
|2 MRF
|
| 100 |
1 |
|
|a Moravec, Josef
|7 hka2016926475
|4 aut
|
| 245 |
1 |
0 |
|a Prodávejte a buďte nejlepší /
|c Josef Moravec
|
| 250 |
|
|
|a Vydání první
|
| 264 |
|
1 |
|a V Brně :
|b Motiv Press,
|c 2016
|
| 300 |
|
|
|a 253 stran :
|b ilustrace ;
|c 24 cm
|
| 336 |
|
|
|a text
|b txt
|2 rdacontent
|
| 337 |
|
|
|a bez média
|b n
|2 rdamedia
|
| 338 |
|
|
|a svazek
|b nc
|2 rdacarrier
|
| 504 |
|
|
|a Obsahuje bibliografii
|
| 650 |
0 |
7 |
|a prodej
|7 ph115885
|2 czenas
|
| 650 |
0 |
7 |
|a psychologie prodeje
|7 ph119528
|2 czenas
|
| 650 |
0 |
7 |
|a obchodní komunikace
|7 ph123556
|2 czenas
|
| 650 |
0 |
7 |
|a obchodní úspěch
|7 ph123563
|2 czenas
|
| 650 |
0 |
9 |
|a selling
|2 eczenas
|
| 650 |
0 |
9 |
|a psychology of selling
|2 eczenas
|
| 650 |
0 |
9 |
|a communication in business
|2 eczenas
|
| 650 |
0 |
9 |
|a commercial success
|2 eczenas
|
| 655 |
|
7 |
|a příručky
|7 fd133209
|2 czenas
|
| 655 |
|
9 |
|a handbooks and manuals
|2 eczenas
|
| 910 |
2 |
|
|a BOA001
|b 2-1379.379
|
| 920 |
|
|
|a 1091171
|z KLG001
|
| 990 |
|
|
|a BK
|
| 995 |
|
|
|a 01
|
| 991 |
|
|
|b 201612
|c NOV
|
| 996 |
6 |
|
|b 2610690728
|c 2-1379.379
|l MZK
|r Sklad / do 1 hodiny
|n 0
|p p.v.
|w 001592506
|u 000010
|a 1
|e BOA001
|j MZK50
|s P
|
| 996 |
7 |
|
|b 2610690729
|c 2-1379.379
|l MZK
|r Sklad / do 1 hodiny
|n 4
|p p.v.
|w 001592506
|u 000020
|a 1
|e BOA001
|j MZK50
|s A
|